Número/ (Record no. 3957)

MARC details
000 -LEADER
campo de control de longitud fija 01219nam a22003737a 4500
003 - IDENTIFICADOR DE NÚMERO DE CONTROL
campo de control OSt
005 - FECHA Y HORA DE LA ÚLTIMA TRANSACCIÓN
campo de control 20230628135339.0
008 - DATOS DE LONGITUD FIJA--INFORMACIÓN GENERAL
campo de control de longitud fija 221006b |||||||| |||| 00| 0 eng d
040 ## - FUENTE DE CATALOGACIÓN
Centro/agencia transcriptor Biblioteca Lado V
082 ## - NÚMERO DE LA CLASIFICACIÓN DECIMAL DEWEY
Número de clasificación 306.4
Número de ítem G643n
100 ## - ENTRADA PRINCIPAL--NOMBRE DE PERSONA
9 (RLIN) 860
Nombre de persona González Uribe, Guillermo
Término indicativo de función/relación director
245 ## - MENCIÓN DEL TÍTULO
Título Número/
Resto del título 56/
260 ## - PUBLICACIÓN, DISTRIBUCIÓN, ETC.
Lugar de publicación, distribución, etc. Colombia
Nombre del editor, distribuidor, etc. Zona LTDA
Fecha de publicación, distribución, etc. 2008
300 ## - DESCRIPCIÓN FÍSICA
Dimensiones 23x20.5cm
Extensión 96p.
366 ## - INFORMACIÓN SOBRE DISPONIBILIDAD COMERCIAL
Nota spa
490 ## - MENCIÓN DE SERIE
Mención de serie 56
Designación de volumen o secuencia 2008
505 ## - NOTA DE CONTENIDO CON FORMATO
Nota de contenido con formato CORREO Y BANDERA
505 ## - NOTA DE CONTENIDO CON FORMATO
Nota de contenido con formato MEDIO AMBIENTE, CULTIVOS ILICITOS Y GUERRA
505 ## - NOTA DE CONTENIDO CON FORMATO
Nota de contenido con formato LA MUJER Y EL PAYASO
505 ## - NOTA DE CONTENIDO CON FORMATO
Nota de contenido con formato MI NEGRO DESNUDO
505 ## - NOTA DE CONTENIDO CON FORMATO
Nota de contenido con formato UNA CUCARACHA EN MI CABEZA
505 ## - NOTA DE CONTENIDO CON FORMATO
Nota de contenido con formato TRES PISOS MÁS ARRIBA
505 ## - NOTA DE CONTENIDO CON FORMATO
Nota de contenido con formato HABITO UN SUEÑO
505 ## - NOTA DE CONTENIDO CON FORMATO
Nota de contenido con formato DUERMEN
505 ## - NOTA DE CONTENIDO CON FORMATO
Nota de contenido con formato LIBROS Y ALIGERADOS Y LA CONCIENCIA DEL LECTOR
505 ## - NOTA DE CONTENIDO CON FORMATO
Nota de contenido con formato DORIS SALCEDO Y SHIBBOLETH
505 ## - NOTA DE CONTENIDO CON FORMATO
Nota de contenido con formato SHIBBOLETH Y OTRAS HISTORIAS DE VIOLENCIA
505 ## - NOTA DE CONTENIDO CON FORMATO
Nota de contenido con formato RESEÑAS
650 ## - PUNTO DE ACCESO ADICIONAL DE MATERIA--TÉRMINO DE MATERIA
Fuente del encabezamiento o término Tesauro de Arte & Arquitectura
Término de materia o nombre geográfico como elemento de entrada CULTURA
9 (RLIN) 703
650 ## - PUNTO DE ACCESO ADICIONAL DE MATERIA--TÉRMINO DE MATERIA
Fuente del encabezamiento o término Tesauro de Arte & Arquitectura
Término de materia o nombre geográfico como elemento de entrada CRITICA
9 (RLIN) 702
650 ## - PUNTO DE ACCESO ADICIONAL DE MATERIA--TÉRMINO DE MATERIA
Fuente del encabezamiento o término Tesauro de Arte & Arquitectura
Término de materia o nombre geográfico como elemento de entrada ANALISIS
9 (RLIN) 702
651 ## - PUNTO DE ACCESO ADICIONAL DE MATERIA--NOMBRE GEOGRÁFICO
Fuente del encabezamiento o término Tesauro de Arte & Arquitectura
Nombre geográfico COLOMBIA
942 ## - ELEMENTOS DE ENTRADA SECUNDARIOS (KOHA)
Fuente del sistema de clasificación o colocación Clasificación Decimal Dewey
Tipo de ítem Koha Libros
Parte de la signatura que corresponde a la clasificación (Parte de la clasificación) 306.4
Parte de la signatura que identifica el ejemplar (Parte del ítem) G643n
Suprimir en OPAC No
Holdings
Estatus retirado Estado de pérdida Fuente del sistema de clasificación o colocación Especificación de materiales (volumen encuadernado u otra parte) Estado de daño No para préstamo Colección Biblioteca de origen Biblioteca actual Fecha de adquisición Enumeración/cronología de publicación seriada Número de inventario Total de préstamos Signatura topográfica completa Código de barras Visto por última vez Precio de reemplazo Tipo de ítem Koha
    Clasificación Decimal Dewey 2008     Revistas Biblioteca LadoV Biblioteca LadoV 28/06/2023 56 003174   306.4 G643n 003174 28/06/2023 28/06/2023 Libros